[Event "Nutcracker Rapid 2014"]
[Site "Moscow RUS"]
[Date "2014.12.25"]
[Round "6.1"]
[White "Oparin, Grigoriy"]
[Black "Shirov, Alexei"]
[Result "1/2-1/2"]
[WhiteTitle "GM"]
[BlackTitle "GM"]
[WhiteElo "2543"]
[BlackElo "2675"]
[WhiteTeam "Princes"]
[BlackTeam "Kings"]
[WhiteFideId "24125890"]
[BlackFideId "2209390"]
[EventDate "2014.12.24"]

1. d4 d5 2. c4 c6 3. Nc3 Nf6 4. Nf3 e6 5. e3 Nbd7 6. Bd3 dxc4 7. Bxc4 b5 8. Bd3
Bb7 9. O-O a6 10. e4 c5 11. d5 Qc7 12. dxe6 fxe6 13. Ne2 Bd6 14. a4 Nxe4 15.
axb5 axb5 16. Rxa8+ Bxa8 17. Bxb5 O-O 18. Bc4 Ne5 19. Nxe5 Bxe5 20. Ng3 Nxg3 21.
Bxe6+ Kh8 22. fxg3 Bd4+ 23. Kh1 Bxg2+ 24. Kxg2 Qc6+ 25. Rf3 Rxf3 26. Qxf3 Qxe6
27. Qf8+ Qg8 28. Qxg8+ Kxg8 29. b3 1/2-1/2

[Event "Nutcracker Rapid 2014"]
[Site "Moscow RUS"]
[Date "2014.12.25"]
[Round "6.2"]
[White "Fedoseev, Vladimir3"]
[Black "Dreev, Aleksey"]
[Result "1-0"]
[WhiteTitle "GM"]
[BlackTitle "GM"]
[WhiteElo "2661"]
[BlackElo "2649"]
[WhiteTeam "Princes"]
[BlackTeam "Kings"]
[WhiteFideId "24130737"]
[BlackFideId "4100107"]
[EventDate "2014.12.24"]

1. e4 c6 2. d4 d5 3. e5 Bf5 4. Nf3 e6 5. Be2 Nd7 6. O-O Ne7 7. Nbd2 h6 8. Nb3 g5
9. Ne1 Qc7 10. Nd3 Bg7 11. f4 Ng6 12. fxg5 hxg5 13. Bxg5 f6 14. Rxf5 exf5 15.
Bh5 O-O-O 16. Bxg6 fxg5 17. Bxf5 Kb8 18. Qg4 Nb6 19. Nbc5 Qe7 20. Ne6 Rdg8 21.
b3 Rh4 22. Qg3 Bh6 23. Rf1 a6 24. Bg4 Bg7 25. h3 Bh8 26. Ndc5 Ka7 27. Qf3 Nd7
28. Nxd7 Qxd7 29. Qf7 Qxf7 30. Rxf7 Rh6 31. Re7 Kb6 32. Kf2 Rc8 33. Nc5 1-0

[Event "Nutcracker Rapid 2014"]
[Site "Moscow RUS"]
[Date "2014.12.25"]
[Round "6.3"]
[White "Morozevich, Alexander"]
[Black "Dubov, Daniil"]
[Result "1-0"]
[WhiteTitle "GM"]
[BlackTitle "GM"]
[WhiteElo "2712"]
[BlackElo "2629"]
[WhiteTeam "Kings"]
[BlackTeam "Princes"]
[WhiteFideId "4116992"]
[BlackFideId "24126055"]
[EventDate "2014.12.24"]

1. e4 c5 2. Nf3 d6 3. d4 cxd4 4. Nxd4 Nf6 5. Nc3 Nc6 6. Be2 g6 7. Be3 Bg7 8. Qd2
O-O 9. O-O-O Nxd4 10. Bxd4 Be6 11. Kb1 b5 12. Bf3 Rc8 13. Nxb5 a6 14. Nc3 Rc4
15. e5 Nd7 16. Bd5 Rxd4 17. Qxd4 Bxe5 18. Qe3 Nb6 19. Bxe6 fxe6 20. Qxe5 dxe5
21. Rxd8 Rxd8 22. Kc1 Nd5 23. Rd1 Kf7 24. Ne4 Rc8 25. b3 h6 26. c4 Nf4 27. g3
Ne2+ 28. Kb2 Nd4 29. h4 Ke8 30. Kc3 Kd7 31. f4 Kc6 32. fxe5 Nf3 33. b4 Nxe5 34.
a4 Kb6 35. a5+ Ka7 36. Nc5 Rf8 37. b5 Rc8 38. Kb4 Ka8 39. Rd4 axb5 40. cxb5 Rb8
41. Re4 1-0

[Event "Nutcracker Rapid 2014"]
[Site "Moscow RUS"]
[Date "2014.12.25"]
[Round "6.4"]
[White "Leko, Peter"]
[Black "Artemiev, Vladislav"]
[Result "1/2-1/2"]
[WhiteTitle "GM"]
[BlackTitle "GM"]
[WhiteElo "2723"]
[BlackElo "2662"]
[WhiteTeam "Kings"]
[BlackTeam "Princes"]
[WhiteFideId "703303"]
[BlackFideId "24101605"]
[EventDate "2014.12.24"]

1. Nf3 d5 2. d4 Nf6 3. c4 c6 4. Nc3 e6 5. Bg5 Nbd7 6. cxd5 exd5 7. e3 Be7 8. Qc2
Nh5 9. Bxe7 Qxe7 10. Be2 g6 11. O-O O-O 12. Nd2 Ng7 13. Nb3 Nf5 14. Bd3 Nd6 15.
Rae1 f5 16. Nd2 Nf6 17. Nf3 Nf7 18. a3 Be6 19. b4 a5 20. Rb1 Ne4 21. Na4 axb4
22. axb4 b5 23. Nc5 Nxc5 24. Qxc5 Qxc5 25. dxc5 Ra3 26. Rfd1 Bd7 27. Bc2 Rfa8
28. Bb3 Kg7 29. g3 Kf6 30. Kg2 h6 31. Nd4 Ng5 32. h4 Nf7 33. Nc2 R3a7 34. Rd2
Ne5 35. Rdd1 Be8 36. Nd4 Ra3 37. Nc2 R3a7 38. Rh1 Bd7 39. Nd4 Nd3 40. Bc2 Ne5
41. Rhd1 Nc4 42. Bb3 Ne5 43. Bc2 Ra3 44. Bb3 Ke7 45. Nc2 R3a7 46. Nd4 Ng4 47.
Re1 Ne5 48. Rbd1 Ng4 49. Rd2 Nf6 50. Rdd1 Ra3 51. Rb1 Ne4 52. Rb2 Nf6 53. Nc2
R3a7 54. Rbb1 Ne4 55. Nd4 Ra3 56. Rb2 Nf6 57. Rc1 Ng4 58. Rbb1 Ne5 59. Rd1 Ng4 1/2-1/2

[Event "Nutcracker Rapid 2014"]
[Site "Moscow RUS"]
[Date "2014.12.25"]
[Round "7.1"]
[White "Shirov, Alexei"]
[Black "Artemiev, Vladislav"]
[Result "0-1"]
[WhiteTitle "GM"]
[BlackTitle "GM"]
[WhiteElo "2675"]
[BlackElo "2662"]
[WhiteTeam "Kings"]
[BlackTeam "Princes"]
[WhiteFideId "2209390"]
[BlackFideId "24101605"]
[EventDate "2014.12.24"]

1. e4 c5 2. Nf3 d6 3. d4 cxd4 4. Nxd4 Nf6 5. Nc3 a6 6. h3 Nc6 7. g4 Qb6 8. Nde2
e6 9. g5 Nd7 10. h4 Qc7 11. h5 b5 12. Ng3 Bb7 13. Bg2 Be7 14. Nce2 Nb6 15. g6
Bf6 16. Nf4 Be5 17. Bh3 hxg6 18. hxg6 Bxf4 19. Bxf4 O-O-O 20. gxf7 Qxf7 21. Qg4
Kb8 22. O-O-O e5 23. Be3 Bc8 24. Qe2 Na4 25. Bxc8 Qxa2 26. b3 Rxh1 27. Rxh1 Rxc8
28. Qd3 Nb4 29. Qxd6+ Ka8 30. Kd1 Nc3+ 31. Kd2 Qxc2+ 32. Ke1 Qb1+ 33. Kd2 Nxe4+ 0-1

[Event "Nutcracker Rapid 2014"]
[Site "Moscow RUS"]
[Date "2014.12.25"]
[Round "7.2"]
[White "Dreev, Aleksey"]
[Black "Oparin, Grigoriy"]
[Result "1-0"]
[WhiteTitle "GM"]
[BlackTitle "GM"]
[WhiteElo "2649"]
[BlackElo "2543"]
[WhiteTeam "Kings"]
[BlackTeam "Princes"]
[WhiteFideId "4100107"]
[BlackFideId "24125890"]
[EventDate "2014.12.24"]

1. d4 Nf6 2. c4 e6 3. Nc3 Bb4 4. Qc2 c5 5. dxc5 Qc7 6. Nf3 Bxc5 7. e3 a6 8. b3
Be7 9. Bb2 b6 10. Be2 Bb7 11. O-O d6 12. Nd4 O-O 13. Rfd1 Nbd7 14. Bf3 Bxf3 15.
Nxf3 Qb7 16. Nd4 Rfd8 17. Rac1 Rac8 18. Qe2 Nc5 19. Qf3 Qxf3 20. gxf3 d5 21.
cxd5 Nxd5 22. Nxd5 exd5 23. Nf5 Bf8 24. Bxg7 Rc6 25. Kf1 Rg6 26. Bb2 Rd7 27. h4
h5 28. Ke2 Kh7 29. Ng3 Rh6 30. Be5 Be7 31. Nf5 Re6 32. Bd4 Bf8 33. Rg1 Rg6 34.
Rg3 a5 35. f4 a4 36. bxa4 Ra7 37. Rg5 Rxg5 38. hxg5 Rxa4 39. Rc2 Ra6 40. Kf3 Ne6
41. Bf6 b5 42. Rd2 b4 43. Rxd5 Rxa2 44. Rd7 Kg8 45. Rb7 Ra8 46. Be7 Ra5 47. Nh6+
Bxh6 48. gxh6 h4 49. Bxh4 Rh5 50. Be7 Rh3+ 51. Ke4 Rxh6 52. f5 Ng7 53. Bxb4 Rh5
54. Bc3 Rg5 55. Rb8+ Kh7 56. Rf8 Rxf5 57. Rh8+ Kg6 58. Rg8 Rxf2 59. Rxg7+ 1-0

[Event "Nutcracker Rapid 2014"]
[Site "Moscow RUS"]
[Date "2014.12.25"]
[Round "7.3"]
[White "Fedoseev, Vladimir3"]
[Black "Morozevich, Alexander"]
[Result "1-0"]
[WhiteTitle "GM"]
[BlackTitle "GM"]
[WhiteElo "2661"]
[BlackElo "2712"]
[WhiteTeam "Princes"]
[BlackTeam "Kings"]
[WhiteFideId "24130737"]
[BlackFideId "4116992"]
[EventDate "2014.12.24"]

1. d4 Nf6 2. c4 e6 3. Nc3 Bb4 4. Nf3 O-O 5. Bg5 h6 6. Bh4 c5 7. d5 d6 8. Nd2
Nbd7 9. dxe6 fxe6 10. e3 Bxc3 11. bxc3 b6 12. Be2 Bb7 13. O-O Qc7 14. Qc2 Rae8
15. Rae1 e5 16. f3 Rf7 17. Rd1 Bc6 18. Rfe1 Bb7 19. e4 Nf8 20. Nf1 Ng6 21. Bg3
Bc8 22. Ne3 Be6 23. Rd2 Ref8 24. Red1 Ne8 25. Ra1 Nf4 26. Bf1 g5 27. a4 h5 28.
a5 bxa5 29. Qd1 Rg7 30. Rda2 g4 31. fxg4 Bxg4 32. Nxg4 Rxg4 33. Rxa5 Qg7 34.
Rxa7 Qg6 35. Bxf4 exf4 36. Qf3 Nf6 37. Re7 Rg5 38. Re6 Qg7 39. Ra6 Ng4 40. Rexd6
Ne5 41. Qh3 f3 42. Qe6+ Rf7 43. g3 h4 44. Rd8+ Kh7 45. Raa8 Ng6 46. Kf2 Re5 47.
Qg4 Qf6 48. gxh4 Kh6 49. Rg8 Rg7 50. Rxg7 Qxg7 51. Ra6 Qf7 52. Qxf3 Qxf3+ 53.
Kxf3 1-0

[Event "Nutcracker Rapid 2014"]
[Site "Moscow RUS"]
[Date "2014.12.25"]
[Round "8.1"]
[White "Dubov, Daniil"]
[Black "Shirov, Alexei"]
[Result "1/2-1/2"]
[WhiteTitle "GM"]
[BlackTitle "GM"]
[WhiteElo "2629"]
[BlackElo "2675"]
[WhiteTeam "Princes"]
[BlackTeam "Kings"]
[WhiteFideId "24126055"]
[BlackFideId "2209390"]
[EventDate "2014.12.24"]

1. d4 d5 2. c4 c6 3. Nf3 Nf6 4. Nc3 e6 5. g3 dxc4 6. Bg2 b5 7. O-O Bb7 8. Ne5 a6
9. b3 cxb3 10. axb3 Be7 11. Bb2 O-O 12. Ne4 Nd5 13. Qc1 Nd7 14. Nxd7 Qxd7 15.
Nc5 Qc7 16. Rd1 Rfd8 17. e3 a5 18. Ba3 b4 19. Bb2 Ba6 20. e4 Nf6 21. Nxa6 Rxa6
22. Qc4 Qb6 23. Rdc1 g6 24. Qe2 Ra7 25. Rc4 Ne8 26. Qc2 Rc7 27. e5 c5 28. Rc1
Rdc8 29. d5 exd5 30. Bxd5 Rd8 31. Bxf7+ Kxf7 32. Rf4+ Kg7 33. Qc4 Bg5 34. e6+
Bf6 35. Rxf6 Nxf6 36. Bxf6+ Kxf6 37. Qh4+ Kxe6 38. Qxd8 Qc6 39. Qg8+ Kf6 40.
Qh8+ Rg7 41. Qd8+ Re7 42. Re1 Qc7 43. Qh8+ Kf7 44. Qxh7+ Kf6 45. Qh4+ Kf7 46.
Qh7+ Kf6 47. Qh8+ Kf7 48. Qh7+ Kf6 49. Qh4+ Kf7 50. Qc4+ Kg7 51. Rd1 Qe5 52. Rd5
Qe1+ 53. Kg2 Rf7 54. Qxc5 Qe4+ 55. Kg1 Qe1+ 56. Kg2 Qe4+ 57. Kh3 Qe6+ 58. Kg2 1/2-1/2

[Event "Nutcracker Rapid 2014"]
[Site "Moscow RUS"]
[Date "2014.12.25"]
[Round "8.2"]
[White "Artemiev, Vladislav"]
[Black "Dreev, Aleksey"]
[Result "1/2-1/2"]
[WhiteTitle "GM"]
[BlackTitle "GM"]
[WhiteElo "2662"]
[BlackElo "2649"]
[WhiteTeam "Princes"]
[BlackTeam "Kings"]
[WhiteFideId "24101605"]
[BlackFideId "4100107"]
[EventDate "2014.12.24"]

1. e4 c6 2. Nc3 d5 3. Nf3 Bg4 4. h3 Bxf3 5. Qxf3 e6 6. d3 Nd7 7. Qg3 Qf6 8. Bg5
Qg6 9. exd5 cxd5 10. O-O-O Be7 11. Bf4 Qxg3 12. Bxg3 a6 13. d4 Bb4 14. Nb1 Ne7
15. Bd3 Rc8 16. Nd2 Ba5 17. Kb1 Bc7 18. Bxc7 Rxc7 19. c4 dxc4 20. Nxc4 Nd5 21.
Rc1 Ke7 22. Na5 Rxc1+ 23. Rxc1 Rb8 24. g3 Kd6 25. Nc4+ Ke7 26. Na5 Kd6 27. a3
N7f6 28. Nc4+ Ke7 29. Na5 Kd6 30. Nc4+ Ke7 31. Ne5 Nd7 32. Nf3 Rd8 33. Ka2 h6
34. Be4 N7f6 35. Bd3 Nd7 36. Be4 1/2-1/2

[Event "Nutcracker Rapid 2014"]
[Site "Moscow RUS"]
[Date "2014.12.25"]
[Round "8.3"]
[White "Morozevich, Alexander"]
[Black "Oparin, Grigoriy"]
[Result "1/2-1/2"]
[WhiteTitle "GM"]
[BlackTitle "GM"]
[WhiteElo "2712"]
[BlackElo "2543"]
[WhiteTeam "Kings"]
[BlackTeam "Princes"]
[WhiteFideId "4116992"]
[BlackFideId "24125890"]
[EventDate "2014.12.24"]

1. e4 c5 2. Nf3 d6 3. d4 cxd4 4. Nxd4 Nf6 5. Nc3 a6 6. Be3 e5 7. Nb3 Be6 8. Qd2
Nbd7 9. O-O-O b5 10. f4 Rc8 11. Kb1 Qc7 12. f5 Bc4 13. a3 Be7 14. g4 h6 15. Rg1
Nb6 16. Bd3 Na4 17. Nxa4 bxa4 18. Na5 d5 19. exd5 Bxd3 20. cxd3 Nxd5 21. Rc1 Qd7
22. Rxc8+ Qxc8 23. Rc1 Qd7 24. Nc4 O-O 25. Nxe5 Qb5 26. Nc4 Rd8 27. Rc2 Bf6 28.
Bf2 Qb3 29. Na5 Qb5 30. Nc4 Qb3 31. Na5 Qb5 32. Nc4 1/2-1/2